000
00274nam a22001337a 4500
082
_a
894.812.3
_b
KAV/O
100
_a
KAVILPPAD,ABV
245
_a
ORIKKAL ORIDATH
250
_a
FIRST
260
_a
THRISSUR
_b
H&C
_c
2008
300
_a
64
650
_a
STORY
_z
KERALA
942
_c
BK
999
_c
1801
_d
1801